Engineering solutions to industrial corrosion problems
Uloženo v:
| Korporativní autor: | |
|---|---|
| Médium: | Kniha |
| Jazyk: | angličtina |
| Vydáno: |
Houston
NACE International
1993
|
| Témata: | |
| Tagy: |
Přidat tag
Žádné tagy, Buďte první, kdo vytvoří štítek k tomuto záznamu!
|
MARC
| LEADER | 00000nam a2200000 a 4500 | ||
|---|---|---|---|
| 001 | UCZ1019 | ||
| 003 | CL-VaPUC | ||
| 008 | 950810e19930000US |||||||||||||||||eng|d | ||
| 082 | 0 | 4 | |a 620.112 |b NAC |2 21 |
| 110 | 2 | |a NACE International Region Management Committee |e author |9 344390 | |
| 245 | 1 | 0 | |a Engineering solutions to industrial corrosion problems |
| 300 | |a ca 120 p | ||
| 942 | |c BK | ||
| 945 | |d 19950810 00:00:00 |a awong | ||
| 260 | |a Houston |b NACE International |c 1993 | ||
| 650 | 7 | |a CORROSION |2 CL-VaPUC |9 271912 | |
| 650 | 7 | |a CONFERENCIAS |2 CL-VaPUC |9 344391 | |
| 650 | 0 | |a Protección contra la corrosión |9 344392 | |
| 583 | |a last modification |c 19950810 00:00:00 |k Rodrigo Vera | ||
| 999 | |c 237868 |d 237866 | ||